<?xml version="1.0" encoding="UTF-8"?><?xml-stylesheet type="text/xsl" href="static/style.xsl"?><OAI-PMH xmlns="http://www.openarchives.org/OAI/2.0/" xmlns:xsi="http://www.w3.org/2001/XMLSchema-instance" xsi:schemaLocation="http://www.openarchives.org/OAI/2.0/ http://www.openarchives.org/OAI/2.0/OAI-PMH.xsd"><responseDate>2026-06-02T00:40:22Z</responseDate><request verb="GetRecord" identifier="oai:riuma.uma.es:10630/39453" metadataPrefix="marc">https://riuma.uma.es/rest/oai/request</request><GetRecord><record><header><identifier>oai:riuma.uma.es:10630/39453</identifier><datestamp>2026-02-03T11:18:56Z</datestamp><setSpec>com_10630_2254</setSpec><setSpec>col_10630_37953</setSpec></header><metadata><record xmlns="http://www.loc.gov/MARC21/slim" xmlns:dcterms="http://purl.org/dc/terms/" xmlns:doc="http://www.lyncode.com/xoai" xmlns:xsi="http://www.w3.org/2001/XMLSchema-instance" xsi:schemaLocation="http://www.loc.gov/MARC21/slim http://www.loc.gov/standards/marcxml/schema/MARC21slim.xsd">
   <leader>00925njm 22002777a 4500</leader>
   <datafield ind2=" " ind1=" " tag="042">
      <subfield code="a">dc</subfield>
   </datafield>
   <datafield ind2=" " ind1=" " tag="720">
      <subfield code="a">Quintana-Orts, Cirenia Luz</subfield>
      <subfield code="e">author</subfield>
   </datafield>
   <datafield ind2=" " ind1=" " tag="720">
      <subfield code="a">Mérida-López, Sergio</subfield>
      <subfield code="e">author</subfield>
   </datafield>
   <datafield ind2=" " ind1=" " tag="720">
      <subfield code="a">Chamizo-Nieto, María Teresa</subfield>
      <subfield code="e">author</subfield>
   </datafield>
   <datafield ind2=" " ind1=" " tag="720">
      <subfield code="a">Extremera-Pacheco, Natalio</subfield>
      <subfield code="e">author</subfield>
   </datafield>
   <datafield ind2=" " ind1=" " tag="720">
      <subfield code="a">Rey-Peña, Lourdes</subfield>
      <subfield code="e">author</subfield>
   </datafield>
   <datafield ind2=" " ind1=" " tag="260">
      <subfield code="c">2021-10</subfield>
   </datafield>
   <datafield ind2=" " ind1=" " tag="520">
      <subfield code="a">Adolescents who experience cybervictimization are at increased risk for suicidal ideation. However, not all adolescents who suffer cybervictimization experience suicidal ideation, suggesting the importance of investigating protective factors that might potentially buffer and decrease these thoughts of death. The present study focused on examining the buffering effects of core self-evaluation (CSE) in the relationship between cybervictimization and suicidal ideation among Spanish adolescents. A moderated model was tested in two studies with two independent samples and designs. In Study 1 (cross-sectional design), a total of 858 students (53% female and 46.4% male; Mage = 15.75, SD = 1.27) completed the measures. In Study 2 (four-month prospective design), the sample consisted of 835 students (54.1% female and 45.9% male, Mage = 13.71, SD = 1.31). Main results showed that CSE might play a differential moderating role in the relationship between cybervictimization and suicidal ideation in both studies. Our findings suggest that adolescents who reported cybervictimization and lower rates of CSE tended to show higher levels of suicidal ideation. A focus on adolescents' evaluations of themselves and their worthiness and competence (i.e., on CSE) may contribute to intervention efforts targeting to prevent suicide after cybervictimization. The implications of these findings for adolescents, educators, and school counselling practitioners are considered.</subfield>
   </datafield>
   <datafield ind1="8" ind2=" " tag="024">
      <subfield code="a">Quintana-Orts, C., Mérida-López, S., Chamizo-Nieto, M. T., Extremera, N. y Rey, L. (2022). Unraveling the links among cybervictimization, core self-evaluations, and suicidal ideation: A multi-study investigation. Personality and Individual Differences, 186, 111337. https://doi.org/10.1016/j.paid.2021.111337</subfield>
   </datafield>
   <datafield ind1="8" ind2=" " tag="024">
      <subfield code="a">https://hdl.handle.net/10630/39453</subfield>
   </datafield>
   <datafield ind1="8" ind2=" " tag="024">
      <subfield code="a">10.1016/j.paid.2021.111337</subfield>
   </datafield>
   <datafield tag="653" ind2=" " ind1=" ">
      <subfield code="a">Ciberacoso</subfield>
   </datafield>
   <datafield tag="653" ind2=" " ind1=" ">
      <subfield code="a">Jóvenes - Conducta suicida</subfield>
   </datafield>
   <datafield ind2="0" ind1="0" tag="245">
      <subfield code="a">Unraveling the links among cybervictimization, core self-evaluations, and suicidal ideation: A multi-study investigation</subfield>
   </datafield>
</record>
</metadata></record></GetRecord></OAI-PMH>